| 000 | 00648nam a22001937a 4500 | ||
|---|---|---|---|
| 008 | 090218t xxu||||| |||| 00| 0 eng d | ||
| 020 | _a9780723434740 | ||
| 082 |
_222 _a610.73 _bNIC |
||
| 245 |
_aEssential Nursing Skills / _cMaggie Nicol ... [et al.]. |
||
| 250 | _a3rd ed. | ||
| 260 |
_aEdinburgh : _bMosby/Elsevier, 2008 _cc2008. |
||
| 300 |
_aviii, 361 p. : _bill. ; _c24 cm. |
||
| 490 |
_aEssential skills for nurses series; _913873 |
||
| 504 | _aIncludes bibliographical references and index. | ||
| 650 |
_92161 _aNursing Care _xmethods _yHandbooks. |
||
| 650 |
_92162 _aNursing. |
||
| 700 |
_912438 _aNicol, Maggie |
||
| 942 |
_2ddc _cNRB |
||
| 999 |
_c10886 _d10886 |
||